Najmniejsze państwa z co najmniej jednym sąsiadem. - Statystyki

Ogólne statystyki
  • Ten quiz został rozwiązany 12 129 razy
  • Średni wynik to 11 z 20
Statystyki odpowiedzi
Powierzchnia (km kw.) Liczba sąsiadów Państwo % Poprawnych
11 586 1 Katar
94%
17 818 2 Kuwejt
88%
17 364 2 Eswatini
85%
2 586 3 Luksemburg
84%
23 200 3 Dżibuti
80%
160 2 Liechtenstein
79%
5 765 1 Brunei
56%
468 2 Andora
54%
11 295 1 Gambia
53%
22 966 2 Belize
47%
20 770 4 Izrael
46%
10 452 2 Liban
46%
21 041 2 Salwador
43%
0,44 1 Watykan
43%
14 919 1 Timor Wschodni
41%
2,2 1 Monako
40%
10 887 4 Kosowo
37%
13 812 5 Czarnogóra
36%
61 1 San Marino
35%
20 273 4 Słowenia
34%
Nie znaleziono quizów pasujących do podanych kryteriów
Rozkład punktacji
Procent ludzi z każdym wynikiem
Percentyl według liczby udzielonych odpowiedzi
Twoja historia wyników
Nie rozwiązałeś tego quizu